Loading...
| Religion | 0 | 3 | 0 | 2 | 30 | 67 | 110.00 | 1 | 1 | 3.97 | 10.42 |
| Fine Arts - Painting and Sculpture | 0 | 2 | 0 | 2 | 20 | 89 | 107.00 | 0 | 0 | 2.76 | 5.21 |
| History - American | 0 | 2 | 0 | 1 | 20 | 72 | 98.50 | 0 | 1 | 3.46 | 7.29 |
| Literature - American | 0 | 1 | 0 | 0 | 10 | 51 | 51.00 | 0 | 0 | 5.48 | 5.21 |
| Literature - British | 0 | 1 | 0 | 1 | 10 | 107 | 107.00 | 0 | 0 | 2.18 | 3.13 |
| Philosophy | 0 | 1 | 0 | 0 | 10 | 125 | 125.00 | 0 | 1 | 0.00 | 1.04 |
| Current Events | 0 | 1 | 0 | 1 | 10 | 85 | 85.00 | 0 | 0 | 11.37 | 8.33 |
| Fine Arts - Other | 0 | 1 | 0 | 1 | 10 | 146 | 146.00 | 0 | 0 | 0.00 | 1.04 |
| History - European | 0 | 1 | 0 | 0 | 10 | 71 | 71.00 | 0 | 1 | 3.52 | 3.13 |
| Science - Biology | 0 | 0 | 1 | 0 | -5 | 0.00 | 0 | 0 | 0.00 | 0.00 |